|
|
|
|
| LEADER |
00000nmm a2200000 a 4500 |
| 008 |
180925b2005 ||||| |||| 00| | spa d |
| 999 |
|
|
|c 2445
|d 2445
|
| 090 |
|
|
|a CD #133
|
| 245 |
1 |
0 |
|a Expo 2005. Congreso ANDE
|
| 260 |
|
|
|a [lugar de publicación no identificado] :
|b [editor no identificado] ,
|c 2005
|
| 300 |
|
|
|a Disco Compacto
|
| 500 |
|
|
|a Incluye tres presentaciones en Power Point tituladas: Aspectos básicos a considerar en la formación de educadores; Comisión costarricense de cooperación con la unesco con el taller: "los docentes que el país necesita en nuestras aulas.
|
| 650 |
1 |
4 |
|9 9
|a FORMACIÓN DE DOCENTES
|
| 942 |
|
|
|i 003444
|h CD #133
|2 z
|c 08
|